Kiếm sống

Đã lưu trong:
书目详细资料
主要作者: Gorki, Macxim
其他作者: Trần Khuyến (dịch), Cẩm Tiêu (dịch), Thanh Nam (dịch)
格式: 图书
语言:Vietnamese
出版: H. Nxb. Văn học 1982
版:In lần thứ 3 có sửa chữa
主题:
标签: 添加标签
没有标签, 成为第一个标记此记录!
Thư viện lưu trữ: Mạng thư viện Đại học Đà Nẵng
LEADER 01180nam a2200361 4500
001 000014588
003 10958
005 20120508150540.0
008 120508s1982 viesd
041 0 |a vie 
082 |a 891.7  |b GO-M 
100 0 |a Gorki, Macxim 
245 0 |a Kiếm sống  |c Macxim Gorki ; Dịch: Thanh Nam, Trần Khuyến, Cẩm Tiêu 
250 |a In lần thứ 3 có sửa chữa 
260 |a H.  |b Nxb. Văn học  |c 1982 
300 |a 447tr.  |c 19 cm 
500 |a Dịch từ văn bản tiếng Nga 
653 |a Liên Xô 
653 |a tiểu thuyết 
653 |a văn học hiện đại 
700 |a Trần Khuyến  |e dịch 
700 |a Cẩm Tiêu  |e dịch 
700 0 |a Thanh Nam  |e dịch 
OWN |a LSP 
AVA |a UDN50  |b LSP  |d 891.7 GO-M  |e available  |t Error 5001 Not defined in file expand_doc_bib_avail.  |f 1  |g 0  |h N  |i 0  |k 1 
999 |a From the UDN01 
AVA |a UDN50  |b LSP  |d 891.7 GO-M  |e available  |t Error 5001 Not defined in file expand_doc_bib_avail.  |f 1  |g 0  |h N  |i 0  |k 1 
TYP |a Monograph 
TYP |a Printed language 
980 |a Mạng thư viện Đại học Đà Nẵng